| 000 | 01251cam a2200253 4500 | ||
|---|---|---|---|
| 001 | L128751 | ||
| 002 | 8531 | ||
| 008 | 050211n2005 000 0 eng u | ||
| 020 | _a1842192256 | ||
| 035 | _a(Sirsi) u128751 | ||
| 041 | _aeng | ||
| 050 | _a346.4104344 $2 18 | ||
| 100 | _aMale, John | ||
| 245 |
_aCase in point _brent review |
||
| 260 |
_aLondon _bRICS Books _c2005 |
||
| 300 |
_axxiv, 152p. _c21cm. |
||
| 350 | _a24.95 | ||
| 490 | _aRICS Case in Point Series | ||
| 520 | _aPractical case-based guide for surveyors who are advising or acting on behalf of clients involved with rent reviews. Written specifically for surveyors, this book aims to cut through the legal jargon to give you information you need. Covers: the construction of rent review clauses; the machinery of review; the property to be valued; the hypothetical lease; the procedure for determining the reviewed rent; challenging an arbitration award; and expert determination. Aimed at commercial property and general practice surveyors. | ||
| 590 | _aIKA070605 | ||
| 690 | _aPROPERTY-COMMERCIAL PROPERTY-LEASEHOLD COMMERCIAL PROPERTY-COMMERCIAL LANDLORD AND TENANT-BUSINESS TENANCIES-RENT REVIEW (BUSINESS TENANCIES) | ||
| 700 | _aJefferies, Thomas | ||
| 942 | _n0 | ||
| 999 |
_c104008 _d104008 |
||